000 00441nam a22001817a 4500
003 MPLRDC
005 20220104143022.0
008 210129b ||||| |||| 00| 0 eng d
020 _a7-80120-930-3
082 _a293.3 WJY
100 _a王军云 编著
245 _a中国起名宝典
_c
250 _a一版一刷
260 _a中国
_b中国华侨出版社
_c2005
300 _b388
650 _a姓名学
942 _cBK
_o293.3 WJY
999 _c35827
_d35817